00633nam a2200193Ia 4500003000900000008004100009020001800050040001600068080001700084100002500101245009800126260004000224300001000264650001900274650002800293942000700321999001700328952009400345IN-BaIIA211028s9999 xx 000 0 eng d a81-7371-242-5 cIIA Library a530.145bGRI aGribbin, John910072 0aSchrodinger's Kittens and the search for realitybsolving the quantum mysteriescJohn Gribbin aHyderabadbUniversities Pressc1999 a261p. aQuantum Theory aRelativity Theory99895 cBK c18653d18653 00104070aBANbKODcGENd2013-05-04l0o530.145/ GRIp19575r2021-11-05w2013-05-04yBK